Normal view
MARC view
Entry Nombre de reunión
001 - NÚMERO DE CONTROL
- campo de control: 14210
003 - IDENTIFICADOR DE NÚMERO DE CONTROL
- campo de control: OSt
005 - FECHA Y HORA DE LA ÚLTIMA TRANSACCIÓN
- campo de control: 20221005155628.0
008 - ELEMENTOS DE DATO DE LONGITUD-FIJA
- campo de control de longitud fija: 221005|| aca||aabn | a|a d
040 ## - FUENTE DE CATALOGACIÓN
- Centro catalogador/agencia de origen: OSt
- Centro/agencia transcriptor: OSt
111 ## - ENCABEZAMIENTO--NOMBRE DE CONGRESO/REUNIÓN
- Nombre de congreso/reunión o jurisdicción como elemento de entrada: WORKING AND EMPLOYMENT CONDITIONS IN AN ENLARGED EUROPEAN UNION
- Unidad subordinada: diversity and Convergence in new EU member states^ :
- Sede del congreso/Lugar de la reunión: Bruselas)
- Fecha del congreso o de la firma del tratado: (2005
670 ## - FUENTE DE DATOS ENCONTRADOS
- Cita de la fuente: Work cat.: (OSt)14159: Working and employment conditions in new EU member states :, 2005